Squadre - Europei 1992 - Statistics

Statistiche generali
  • Questo quiz è stato fatto 12 volte
  • Il punteggio medio è 6 su 8
Statistiche sulle risposte
Squadra % Corretto
Francia
100%
Danimarca
80%
Germania
80%
Paesi Bassi
80%
Svezia
80%
Inghilterra
60%
CIS
40%
Scozia
40%
Nessun quiz corrispondente trovato
Distribuzione punteggi
Percentuale di utenti per punteggio
Percentile per numero di risposta
I tuoi punteggi nel tempo
Non hai fatto questo quiz